|
|
|
|
| LEADER |
00937naa a2200325 a 4500 |
| 001 |
000022621 |
| 003 |
SVKKK |
| 005 |
20080107153744.0 |
| 008 |
030616c1992 xo e sloo |
| FMT |
|
|
|
| 038 |
|
|
|a SVKKK
|
| 040 |
|
|
|a SVKKK
|b slo
|e AACR2
|
| 041 |
0 |
|
|a slo
|
| 044 |
|
|
|a xo
|c SK
|
| 080 |
|
|
|a 891.499(437.6)-
|2 1981
|
| 080 |
|
|
|a 891.499(437.6-1=914.9
|2 1981
|
| 100 |
1 |
|
|a Reiznerová, Margita
|4 aut
|
| 245 |
1 |
0 |
|a Troje dvier
|c Reiznerová Margita,
|
| 500 |
|
|
|a Ďalšie básne: Trin Udara%(Šunav ča nalačho...)%Kale ruži
|
| 600 |
1 |
4 |
|a Reiznerová, Margita,
|d 1945-,
|x spisovateľka rómska
|
| 650 |
0 |
4 |
|a básne
|
| 650 |
0 |
4 |
|a literatúra rómska na Slovensku
|x texty slovenské
|x texty rómske
|
| 773 |
0 |
|
|t Verše z vrbiny
|d Bratislava : Goldpress, 1992
|z 80-85584-05-0
|g S. 191-194
|
| 957 |
|
|
|a Malé Bukovce
|
| 958 |
|
|
|a RQ
|
| 974 |
|
|
|d 980326
|a Fa
|
| 992 |
|
|
|a RZB
|
| BAS |
|
|
|
| 852 |
|
|
|a SVKKK
|b BIB
|
| 998 |
|
|
|a ROM
|